000 003160000a22001570004500
001 000121
003 MACL
040 _aMACL
090 _c121
_d121
100 _aGhose, Subodh
245 _aBharat Premkatha
_cSubodh Ghose
260 _aRupa &Co,
_c1998
350 _a195
650 _aHistory
942 _k953
_cBook
999 _c49428
_d49428